Word Ladder: Rhinestone Cowboy Quiz Stats

 Plays Quiz Updated Apr 14, 2018

Score 0/18 Timer 02:00
0 Plays Today
Clue 4- Letter Word % Correct
Worst-_____ scenarioCASE
96.7%
An adhesiveGLUE
95.5%
_____ Away (2000 Tom Hanks film)CAST
95.5%
'Along _____ Polly' (2004 Ben Stiller film)CAME
95.5%
Amount paid for somethingCOST
93.7%
Layer of paintCOAT
92.8%
To domesticate a wild animalTAME
92.5%
A fictitious storyTALE
92.5%
Not shortTALL
92.1%
Clue 4- Letter Word % Correct
Animal of the Chinese zodiacGOAT
91.1%
Musical TV showGLEE
90.1%
A form of inflammatory arthritisGOUT
86.6%
🎶 First name of famous country singer 🎶 🎶 GLEN 🎶
86.5%
Legendary Swiss hero WilliamTELL
86.5%
A surplus or excess of somethingGLUT
85.9%
🎶 First part of country singer's last name 🎶 🎶 CAMP 🎶
80.9%
🎶 Second part of country singer's last name 🎶 🎶 BELL 🎶
79.1%
To repeatedly pack downTAMP
78.8%

Today's Daily Dose

You're not logged in!

Compare scores with friends on all Sporcle quizzes.
OR
Log In

You Might Also Like...

Show Comments

Extras

Top Quizzes Today


Score Distribution

Your Account Isn't Verified!

In order to create a playlist on Sporcle, you need to verify the email address you used during registration. Go to your Sporcle Settings to finish the process.

Report this User

Report this user for behavior that violates our Community Guidelines.

Details: